[Event "HUN-chT2 Szechenyi 2324"]
[Site "Hungary"]
[Date "2024.04.21"]
[Round "8.3"]
[White "Domonkos, Daniel"]
[Black "Bencze, Balazs Dominik"]
[Result "1-0"]
[WhiteElo "1970"]
[BlackElo "1857"]
[PlyCount "69"]
[EventDate "2023.10.08"]
[EventType "team-tourn"]
[EventRounds "9"]
[EventCountry "HUN"]
[SourceTitle "EXT 2025"]
[Source "ChessBase"]
[SourceDate "2024.10.14"]
[SourceVersion "1"]
[SourceVersionDate "2024.10.14"]
[SourceQuality "1"]
[WhiteTeam "Ezust Huszar"]
[BlackTeam "Tapolca VSE II"]
[WhiteTeamCountry "HUN"]
[BlackTeamCountry "HUN"]

1. d4 c5 2. e3 d5 3. Nf3 Nc6 4. b3 cxd4 5. Nxd4 Nxd4 6. Qxd4 e6 7. Bb2 a6 8. Be2 Nf6 9. 0-0 Bd6 10. Qh4 0-0 11. Bxf6 Qxf6 12. Qxf6 gxf6 13. Nd2 Bd7 14. c4 Bb4 15. Rfd1 Bc6 16. Bf3 Rfd8 17. cxd5 Bxd5 18. Bxd5 Rxd5 19. Ne4 Rxd1+ 20. Rxd1 Kg7 21. Rd7 Rc8 22. g4 b6 23. Nd6 Rc1+ 24. Kg2 Rc2 25. Nxf7 Kg6 26. h4 h5 27. g5 fxg5 28. Nxg5 Be1 29. Ne4 Rxa2 30. Rd6 b5 31. Kf3 Kf5 32. Rc6 b4 33. Rc1 Bd2 34. Rc5+ e5 35. Rc6 1-0

[Event "HUN-chT2 Szechenyi 2324"]
[Site "Hungary"]
[Date "2024.02.18"]
[Round "4.5"]
[White "Foki, Robert"]
[Black "Bencze, Balazs Dominik"]
[Result "1/2-1/2"]
[WhiteElo "1792"]
[BlackElo "1857"]
[PlyCount "44"]
[EventDate "2023.10.08"]
[EventType "team-tourn"]
[EventRounds "9"]
[EventCountry "HUN"]
[SourceTitle "EXT 2025"]
[Source "ChessBase"]
[SourceDate "2024.10.14"]
[SourceVersion "1"]
[SourceVersionDate "2024.10.14"]
[SourceQuality "1"]
[WhiteTeam "Arboretum"]
[BlackTeam "Tapolca VSE II"]
[WhiteTeamCountry "HUN"]
[BlackTeamCountry "HUN"]

1. f4 d5 2. e3 Nf6 3. Be2 c5 4. Nf3 Nc6 5. a3 e6 6. 0-0 Be7 7. b3 d4 8. exd4 Nxd4 9. Bb2 Nxe2+ 10. Qxe2 0-0 11. Nc3 b6 12. Ne4 Bb7 13. Nxf6+ Bxf6 14. Bxf6 Bxf3 15. Rxf3 Qxf6 16. Qe5 Qxe5 17. fxe5 Rad8 18. d3 f5 19. exf6 gxf6 20. Re1 e5 21. Re4 Rd4 22. Ree3 Rg4 1/2-1/2

[Event "HUN-chT2 Szechenyi 2223"]
[Site "Hungary"]
[Date "2023.01.29"]
[Round "4.5"]
[White "Bencze, Balazs Dominik"]
[Black "Finy, Mark"]
[Result "1/2-1/2"]
[WhiteElo "1751"]
[BlackElo "1880"]
[PlyCount "23"]
[EventDate "2022.11.20"]
[EventType "team-tourn"]
[EventRounds "9"]
[EventCountry "HUN"]
[SourceTitle "EXT 2025"]
[Source "ChessBase"]
[SourceDate "2024.10.14"]
[SourceVersion "1"]
[SourceVersionDate "2024.10.14"]
[SourceQuality "1"]
[WhiteTeam "Tapolca VSE II"]
[BlackTeam "Arboretum Hereny KSE"]
[WhiteTeamCountry "HUN"]
[BlackTeamCountry "HUN"]

1. d4 d5 2. Nf3 Nf6 3. c4 c6 4. Nc3 e6 5. g3 Be7 6. cxd5 exd5 7. Ne5 0-0 8. Bg2 Nbd7 9. f4 Re8 10. 0-0 Nb6 11. e4 dxe4 12. Nxe4 1/2-1/2

[Event "HUN-chT2 Szechenyi 2223"]
[Site "Hungary"]
[Date "2022.12.03"]
[Round "2.5"]
[White "Bencze, Balazs Dominik"]
[Black "Juhasz, Nagy Sandor"]
[Result "1/2-1/2"]
[WhiteElo "1730"]
[BlackElo "1789"]
[PlyCount "43"]
[EventDate "2022.11.20"]
[EventType "team-tourn"]
[EventRounds "9"]
[EventCountry "HUN"]
[SourceTitle "EXT 2025"]
[Source "ChessBase"]
[SourceDate "2024.10.14"]
[SourceVersion "1"]
[SourceVersionDate "2024.10.14"]
[SourceQuality "1"]
[WhiteTeam "Tapolca VSE II"]
[BlackTeam "Ezust Huszar"]
[WhiteTeamCountry "HUN"]
[BlackTeamCountry "HUN"]

1. d4 d5 2. Nf3 Nf6 3. g3 g6 4. Bg2 Bg7 5. 0-0 0-0 6. b3 Ne4 7. Bb2 c5 8. c3 cxd4 9. cxd4 Nc6 10. Ne5 f5 11. Nxc6 bxc6 12. f3 Nd6 13. Nc3 e5 14. Na4 e4 15. f4 Re8 16. e3 Ba6 17. Rf2 Nb7 18. Rc1 Re6 19. Rfc2 Qd7 20. Bf1 Bxf1 21. Qxf1 Bf8 22. a3 1/2-1/2

[Event "HUN-chT2 Szechenyi 2122"]
[Site "Hungary"]
[Date "2022.04.10"]
[Round "9.6"]
[White "Bencze, Balazs Dominik"]
[Black "Nemeth, Zsolt"]
[Result "0-1"]
[WhiteElo "1741"]
[BlackElo "1974"]
[PlyCount "86"]
[EventDate "2021.10.10"]
[EventType "team-tourn"]
[EventRounds "9"]
[EventCountry "HUN"]
[SourceTitle "EXT 2025"]
[Source "ChessBase"]
[SourceDate "2024.10.14"]
[SourceVersion "1"]
[SourceVersionDate "2024.10.14"]
[SourceQuality "1"]
[WhiteTeam "Tapolca VSE"]
[BlackTeam "Spartacus Sportkor"]
[WhiteTeamCountry "HUN"]
[BlackTeamCountry "HUN"]

1. d4 Nf6 2. Nf3 g6 3. Bf4 Bg7 4. e3 d5 5. h3 0-0 6. Bd3 c5 7. c3 Nc6 8. Nbd2 Qb6 9. Qb1 Nd7 10. dxc5 Nxc5 11. Bc2 e5 12. Bg3 a5 13. 0-0 f6 14. c4 Be6 15. b3 Nb4 16. cxd5 Nxc2 17. Qxc2 Bxd5 18. e4 Be6 19. Rac1 Rac8 20. Nc4 Qa6 21. Qe2 Rfd8 22. Nfd2 Bh6 23. Rfd1 Rd7 24. Kf1 Rcd8 25. Ne3 Qxe2+ 26. Kxe2 Nd3 27. Rb1 Nb4 28. Rb2 b5 29. Ndf1 Kf7 30. Rxd7+ Rxd7 31. f3 Bf8 32. a4 Nd3 33. Rb1 b4 34. Nd2 Bh6 35. Ndc4 Bxe3 36. Kxe3 Bxc4 37. bxc4 Nc5 38. Be1 Rd3+ 39. Ke2 Ra3 40. Rd1 Nxa4 41. Rd7+ Ke6 42. Ra7 b3 43. Rb7 b2 0-1